000 00515nam a22002057a 4500
003 UA-OsUOA
001 11112
007 ta
008 20050228b un ||||| |||| 00| 0 ukr d
100 _aРу Сен-Поль
942 _cSA
040 _aUA-OsUOA
_bukr
_cUA-OsUOA
_dUA-OsUOA
245 _aСоло на тромбоні
300 _aС.41-44
955 _a0
041 _aukr
044 _aUA
773 0 _w0
_tСучасність
_dКиїв
_d2005
_g№2
650 7 _aХудожня література
_2UDC
999 _c297273
_d297273